| 000 | 00836nam a22002177a 4500 | ||
|---|---|---|---|
| 005 | 20180718154837.0 | ||
| 010 | _aB-698572 | ||
| 020 |
_a9789386070937 _c399.00 |
||
| 035 | _aB-698572 | ||
| 037 | _bR.K. Books | ||
| 082 |
_2Third Edition _a310 |
||
| 100 | _aAgarwal, B.L. | ||
| 245 |
_aProgrammed Statistics: _bQuestions-anaswers/ _cB. L. Agarwal |
||
| 250 | _aThird Edition | ||
| 260 |
_a7/30A Driyaganj New Delhi-110002 _bNew Age International publishers _c2017 |
||
| 270 |
_bNew Delhi _e110002 _aR K Books 4215/1 Ansari Road New Delhi-110002 |
||
| 300 |
_axxix,668 p. _c24x18,pbk. |
||
| 500 | _aIndex | ||
| 942 |
_2ddc _cEN _eThird Edition _h310 _mAga |
||
| 999 |
_c154240 _d154240 |
||